[Terézia Vansová počas evakuácie]

Zobrazenie: Terézia Vansová (sediaca v 2. rade sprava 3., s pletením) počas evakuácie z Banskej Bystrici v roku 1919. Na obr.: v 1. rade zľava 3. divadelníčka a publicistka Blanka Fábryová, rodená Maliaková.

Bibliographic Details
Format: Photo
Language:Slovak
PhysicalDescription:1 fotografia v hnedom tóne 9 x 17 cm
Published: [S.l. s.n.] 1919
Subjects:

MARC

LEADER 00000nkmaa2200000 a 4500
001 vtls011555187
003 SK-MaSNL
005 20260301180309.0
007 kh ao
008 230802s1919 xo | |||0 k|slo
035 |a urn:nbn:sk:snk-km00cpw8 
035 |a urn:nbn:sk:snk-km3lr7m 
035 |a 84712E83-187D-4314-B067-6E8D2A431B57 
040 |a SNKLA  |b slo  |c SNKLA  |e AACR2 
041 0 |a slo 
044 |a xo  |c SK 
245 0 0 |a [Terézia Vansová počas evakuácie]  |h grafika 
260 |a [S.l.  |b s.n.]  |c 1919 
300 |a 1 fotografia  |b v hnedom tóne  |c 9 x 17 cm 
520 2 |a Zobrazenie: Terézia Vansová (sediaca v 2. rade sprava 3., s pletením) počas evakuácie z Banskej Bystrici v roku 1919. Na obr.: v 1. rade zľava 3. divadelníčka a publicistka Blanka Fábryová, rodená Maliaková. 
600 1 7 |a Vansová, Terézia,  |d 1857-1942  |2 SNKMA  |9 107793 
600 1 7 |a Fábryová, Blanka,  |d 1893-1964  |2 SNKMA  |9 150563 
651 7 |a Banská Bystrica (Slovensko)  |2 SNKPH  |9 22015 
655 7 |a fotografie  |2 SNKPH  |9 70713 
852 7 |a Slovenská národná knižnica  |b Literárny archív 
958 |a ZO 
958 |a BLA 
999 |c 845713  |d 847643 
952 |a SNKLA  |b SNKLA  |c SNKLA_DEP  |y NEVYP  |7 0  |p 17A1008290  |o snkK 18a/73  |i snkLA 1811/1993  |0 0  |1 0  |4 0  |d 2016-05-26  |f 1  |l 0  |r 2026-02-24 04:25:34  |w 2026-02-24